MARC details
| 000 -CABECERA |
| campo de control de longitud fija |
01498nam a2200301 a 4500 |
| 001 - NÚMERO DE CONTROL |
| campo de control |
000026059 |
| 005 - FECHA Y HORA DE LA ÚLTIMA TRANSACCIÓN |
| campo de control |
20240305140748.0 |
| 008 - DATOS DE LONGITUD FIJA--INFORMACIÓN GENERAL |
| campo de control de longitud fija |
110228s1996 dr a 000 0 spa d |
| 040 ## - FUENTE DE LA CATALOGACIÓN |
| Centro catalogador/agencia de origen |
DO-SdBNP |
| Lengua de catalogación |
spa |
| Centro/agencia transcriptor |
BNPHU |
| 082 ## - NÚMERO DE LA CLASIFICACIÓN DECIMAL DEWEY |
| Número de clasificación |
270.092 |
| Número de documento/Ítem |
C389o |
| 100 1# - ENTRADA PRINCIPAL--NOMBRE DE PERSONA |
| Nombre de persona |
Cedeño de la Cruz, Livio Mariano, |
| Fechas asociadas al nombre |
1953- |
| 9 (RLIN) |
53000 |
| 245 10 - MENCIÓN DE TÍTULO |
| Título |
Obispos higueyanos / |
| Mención de responsabilidad, etc. |
Livio Mariano Cedeño ; prólogo Teófilo Lappot Robles. |
| 260 ## - PUBLICACIÓN, DISTRIBUCIÓN, ETC. |
| Lugar de publicación, distribución, etc. |
Santo Domingo : |
| Nombre del editor, distribuidor, etc. |
El Nuevo Diario, |
| Fecha de publicación, distribución, etc. |
1996. |
| 300 ## - DESCRIPCIÓN FÍSICA |
| Extensión |
108 p. : |
| Otras características físicas |
il. ; |
| Dimensiones |
21 cm. |
| 500 ## - NOTA GENERAL |
| Nota general |
Vigésimoprimer aniversario del periódico EL COMETA |
| 500 ## - NOTA GENERAL |
| Nota general |
Incluye datos biográficos del autor en la contracubierta. |
| 505 0# - NOTA DE CONTENIDO CON FORMATO |
| Información miscelánea |
Prólogo / |
| Mención de responsabilidad |
Teófilo Lappot Robles -- |
| Título |
Higuey aporta tres obispos a la Iglesia Católica dominicana -- |
| -- |
Obispos nacidos en Higuey -- |
| -- |
Diócesis de Nuestra Señora de la Altagracia -- |
| -- |
El 15 de agosto en Higuey -- |
| -- |
Zona turística nº3 Macao-Punta Cana -- |
| -- |
Capillas católicas en hoteles -- |
| Información miscelánea |
Anexos. |
| 590 ## - NOTA LOCAL (RLIN) |
| Nota local |
Inventariado, 2018/ YL |
| 600 14 - PUNTO DE ACCESO ADICIONAL DE MATERIA--NOMBRE DE PERSONA |
| Nombre de persona |
PEPÉN SOLIMÁN, JUAN FÉLIX, |
| Fechas asociadas al nombre |
1920- |
| 9 (RLIN) |
53001 |
| 600 10 - PUNTO DE ACCESO ADICIONAL DE MATERIA--NOMBRE DE PERSONA |
| Nombre de persona |
Rosa y Carpio, Ramón Benito de la, |
| Fechas asociadas al nombre |
1939- |
| 9 (RLIN) |
74159 |
| 600 14 - PUNTO DE ACCESO ADICIONAL DE MATERIA--NOMBRE DE PERSONA |
| Nombre de persona |
CEDANO CEDANO, PABLO, |
| Fechas asociadas al nombre |
1936- |
| 9 (RLIN) |
53003 |
| 650 #4 - PUNTO DE ACCESO ADICIONAL DE MATERIA--TÉRMINO DE MATERIA |
| Término de materia o nombre geográfico como elemento de entrada |
Iglesia católica |
| Subdivisión general |
Gobierno |
| Subdivisión geográfica |
República Dominicana |
| 9 (RLIN) |
53004 |
| 650 #4 - PUNTO DE ACCESO ADICIONAL DE MATERIA--TÉRMINO DE MATERIA |
| Término de materia o nombre geográfico como elemento de entrada |
Obispos |
| 9 (RLIN) |
33115 |
| 650 #4 - PUNTO DE ACCESO ADICIONAL DE MATERIA--TÉRMINO DE MATERIA |
| Término de materia o nombre geográfico como elemento de entrada |
Diócesis |
| Subdivisión general |
Historia |
| 9 (RLIN) |
53005 |
| 651 #4 - PUNTO DE ACCESO ADICIONAL DE MATERIA--NOMBRE GEOGRÁFICO |
| Nombre geográfico |
Higüey (República Dominicana{Rpara} |
| Subdivisión general |
Historia Local |
| 9 (RLIN) |
26822 |
| 700 1# - PUNTO DE ACCESO ADICIONAL--NOMBRE DE PERSONA |
| Nombre de persona |
Lappot Robles, Teófilo, |
| Fechas asociadas al nombre |
1957- |
| Término indicativo de función/relación |
pról. |
| 9 (RLIN) |
74151 |
| 910 ## - DATOS DE OPCIÓN DEL USUARIO (OCLC) |
| Datos de opción del usuario |
Validado. Control de calidad EMS |